Zawody marzeń Polaków z dzieciństwa - Statystyki

Ogólne statystyki
  • Ten quiz został rozwiązany 84 razy
  • Średni wynik to 8 z 20
Statystyki odpowiedzi
Odpowiedź % Poprawnych
Lekarz
92%
Policjant
90%
Strażak
90%
Nauczyciel
68%
Sportowiec
61%
Kierowca
49%
Prawnik
47%
Aktor
46%
Programista
39%
Weterynarz
39%
Kucharz
35%
Pielęgniarz
28%
Model
26%
Muzyk
24%
Dziennikarz
21%
Pisarz
21%
Artysta
19%
Właściciel Firmy
13%
Architekt
11%
Projektant Mody
3%
Nie znaleziono quizów pasujących do podanych kryteriów
Rozkład punktacji
Procent ludzi z każdym wynikiem
Percentyl według liczby udzielonych odpowiedzi
Twoja historia wyników
Nie rozwiązałeś tego quizu